000 00524nam a2200145 a 4500
008 120416s1977 ||||||||||||||||| || u
050 _aHD 5660.G7 Smi
100 _aSmith, Cyril
245 1 0 _aIndustrial participation
260 _aLondon
_bMcGraw-Hill
_c1977
350 _a0.00
650 _aIndustrial management--Employee participation
650 _aINDUSTRY
995 _D0.00
_FCBU-MAIN LIBRARY (Kitwe)
_H1
_I0.00
_M1
_UAVAILABLE
_ZMain Library Open Access Collection
999 _c46745
_d46745